Význam znalostnej ekonomiky ako nástroja zvyšovania konkurencieschopnosti

Konkurencieschopnosť v kontexte znalostnej ekonomiky. Globálna konkurencieschopnosť krajín. Automatizácia produkcie. Úloha vysokoškolského vzdelávania pri budovaní znalostnej ekonomiky. Význam vzdelávacích inštitúcií v regionálnom rozvoji.

Salvato in:
Dettagli Bibliografici
Autore principale: Čajka, Peter
Natura: Capitolo di libro
Lingua:slovacco
Soggetti:
Tags: Aggiungi Tag
Nessun Tag, puoi essere il primo ad aggiungerne!!

MARC

LEADER 00000naa a2200000 4500
001 0283272
005 20220422075618.9
041 0 |a slo 
044 |a SK 
245 1 0 |a Význam znalostnej ekonomiky ako nástroja zvyšovania konkurencieschopnosti  |c Peter Čajka 
520 |a Konkurencieschopnosť v kontexte znalostnej ekonomiky. Globálna konkurencieschopnosť krajín. Automatizácia produkcie. Úloha vysokoškolského vzdelávania pri budovaní znalostnej ekonomiky. Význam vzdelávacích inštitúcií v regionálnom rozvoji. 
610 2 0 |a ekonomika znalostná 
610 2 0 |a konkurencieschopnosť 
610 2 0 |a inovácia 
610 2 0 |a automatizácia 
610 2 0 |a rozvoj regionálny 
610 2 0 |a univerzity 
610 2 0 |a výskum 
610 2 0 |a vývoj 
100 1 |a Čajka, Peter